|
|
|
|
| LEADER |
00000nam0a2200000 4500 |
| 001 |
243894 |
| 005 |
20231101232015.0 |
| 010 |
|
|
|a 3341003231
|
| 035 |
|
|
|a (RuTPU)RU\TPU\book\265248
|
| 090 |
|
|
|a 243894
|
| 100 |
|
|
|a 20131009d1987 km y0gery50 ba
|
| 101 |
0 |
|
|a ger
|a eng
|
| 102 |
|
|
|a DE
|
| 105 |
|
|
|a y e 000zy
|
| 200 |
1 |
|
|a Technik-Wörterbuch Geowissenschaften
|e Englisch-Deutsch
|e mit etwa 40 000 Wortstellen
|f A. Watznauer
|
| 205 |
|
|
|a 3., bearbeitete Auflage
|
| 210 |
|
|
|a Berlin
|c Verlag Technik
|d 1987
|
| 215 |
|
|
|a 388 s.
|c il.
|
| 606 |
1 |
|
|a Немецкий язык
|x Лексикография
|x Словари
|2 stltpush
|3 (RuTPU)RU\TPU\subj\45382
|9 64625
|
| 610 |
1 |
|
|a лексика
|
| 610 |
1 |
|
|a терминологические словари
|
| 610 |
1 |
|
|a инженерное дело
|
| 610 |
1 |
|
|a строительная механика
|
| 610 |
1 |
|
|a английский язык
|
| 686 |
|
|
|a Ш143.24-43
|v LBC/SL-A
|2 rubbk
|
| 700 |
|
1 |
|a Watznauer
|b A.
|g Adolf
|
| 801 |
|
1 |
|a RU
|b 63413507
|c 20131009
|
| 801 |
|
2 |
|a RU
|b 63413507
|c 20170206
|g RCR
|
| 942 |
|
|
|c BK
|